Libro de estilo de "ABC" / (Record no. 9870)

MARC details
000 -LEADER
campo de control de longitud fija 00822nam a2200277 i 4500
001 - NÚMERO DE CONTROL
campo de control 9870
003 - IDENTIFICADOR DE NÚMERO DE CONTROL
campo de control ES-MaACL
005 - FECHA Y HORA DE LA ÚLTIMA TRANSACCIÓN
campo de control 20250825080509.0
007 - CAMPO FIJO DE DESCRIPCIÓN FÍSICA--INFORMACIÓN GENERAL
campo de control de longitud fija t|
008 - DATOS DE LONGITUD FIJA--INFORMACIÓN GENERAL
campo de control de longitud fija 940322s1993 sp ||||1| spa d
020 ## - NÚMERO INTERNACIONAL ESTÁNDAR DEL LIBRO
Número Internacional Estándar del Libro 84-344-7451-4
080 ## - NÚMERO DE LA CLASIFICACIÓN DECIMAL UNIVERSAL
Número de la Clasificación Decimal Universal 070.41
080 ## - NÚMERO DE LA CLASIFICACIÓN DECIMAL UNIVERSAL
Número de la Clasificación Decimal Universal 46.01
080 ## - NÚMERO DE LA CLASIFICACIÓN DECIMAL UNIVERSAL
Número de la Clasificación Decimal Universal 46.31
110 2# - ENTRADA PRINCIPAL--NOMBRE DE ENTIDAD CORPORATIVA
Nombre de entidad corporativa o nombre de jurisdicción como elemento de entrada Diario ABC.
9 (RLIN) 1137
245 10 - MENCIÓN DEL TÍTULO
Título Libro de estilo de "ABC" /
Mención de responsabilidad, etc. prólogo de Fernando Lázaro Carreter ; epílogo de Luis María Ansón.
250 ## - MENCION DE EDICION
Mención de edición [1ª ed.].
260 ## - PUBLICACIÓN, DISTRIBUCIÓN, ETC.
Lugar de publicación, distribución, etc. Barcelona :
Nombre del editor, distribuidor, etc. Ariel,
Fecha de publicación, distribución, etc. 1993.
300 ## - DESCRIPCIÓN FÍSICA
Extensión 235 p. ;
Dimensiones 23 cm.
500 ## - NOTA GENERAL
Nota general Indice.
650 14 - PUNTO DE ACCESO ADICIONAL DE MATERIA--TÉRMINO DE MATERIA
Término de materia o nombre geográfico como elemento de entrada Periodismo-
Subdivisión de forma Manuales de estilo
9 (RLIN) 15951
700 1# - ENTRADA AGREGADA--NOMBRE PERSONAL
Nombre de persona Lázaro Carreter, Fernando,
Fechas asociadas al nombre 1923-2004
9 (RLIN) 70798
700 0# - ENTRADA AGREGADA--NOMBRE PERSONAL
Nombre de persona Ansón, Luis María,
Fechas asociadas al nombre 1935-
9 (RLIN) 21849
852 ## - LOCALIZACIÓN
Ubicación ES-MaACL
Número de control de estantería L-17363
Sublocalización o colección R.122504
Holdings
Estatus retirado Estado de pérdida Estado de daño No para préstamo Biblioteca de origen Biblioteca actual Ubicación en estantería Fecha de adquisición Fuente de adquisición Total de préstamos Signatura topográfica completa Código de barras Visto por última vez Precio de reemplazo Tipo de ítem Koha
        Biblioteca del Ateneo de Madrid Biblioteca del Ateneo de Madrid Depósito 2 17/01/2008     L-17363 1010076 23/02/2023 23/02/2023 Libro impreso